ბათუმის შოთა რუსთაველის სახელმწიფო უნივერსიტეტის ბიბლიოთეკა

მათემატიკური ფიზიკის განტოლებათა ძირითადი საკითხები / (ბიბ.ჩანაწერი № 38466)

000 -ლიდერი
ფიქსირებული სიგრძის საკონტროლო ველი 01036nam a2200229Ia 4500
001 - საკონტროლო ნომერი
საკონტროლო ველი 4478
003 - საკონტროლო ნომრის იდენტიფიკატორი
საკონტროლო ველი GE_BSU
005 - ბოლო ოპერაციის თარიღი და დრო
საკონტროლო ველი 20190520155220.0
008 - ფიქსირებული სიგრძის მონაცემთა ელემენტები - ზოგადი ინფორმაცია
ფიქსირებული სიგრძის საკონტროლო ველი 181216s1982||||ge |||||||||||||| ||geo||
040 ## - კატალოგიზაციის წყარო
Transcribing agency GE_BSU
041 ## - ენის კოდი
Language code of text/sound track or separate title geo
080 ## - უნივერსალური ათობითი კლასიფიკაციის ინდექსი
Universal Decimal Classification number 51:53(075.8) დ–63
100 ## - მთავარი ჩანაწერი - პიროვნების სახელი
Personal name დობორჯგინიძე, ლ
9 (RLIN) 1418
245 ## - ცნობა სათაურის შესახებ
Title მათემატიკური ფიზიკის განტოლებათა ძირითადი საკითხები /
Statement of responsibility, etc ლ.დობორჯგინიძე ; ს.შათაშვილი ; რედ : ა.ბუაძე.
264 ## - წარმოების, გამოცემის, დისტრიბუციის და სხვა ცნობები
გამოცემის, წარმოების, დისტრიბუციის... ადგილი თბილისი :
გამოცემის, წარმოების, დისტრიბუციის... სახელწოდება უნ–ტის გამ–ბა,
გამოცემის, წარმოების, დისტრიბუციის... თარიღი 1982.
300 ## - ფიზიკური აღწერა
Extent 14 2გვ .:
Dimensions 20 სმ
653 ## - INDEX TERM--UNCONTROLLED
Uncontrolled term მათემატიკური ფიზიკის განტოლებები.
653 ## - INDEX TERM--UNCONTROLLED
Uncontrolled term მათემატიკა
700 ## - ADDED ENTRY--PERSONAL NAME
Personal name შათაშვილი, ს.
9 (RLIN) 1419
700 ## - ADDED ENTRY--PERSONAL NAME
Personal name ბუაძე, ა
Relator term რედაქტორი
9 (RLIN) 1420
942 ## - ADDED ENTRY ELEMENTS (KOHA)
Koha item type წიგნი
Source of classification or shelving scheme
ეგზემპლარები
ჩამოწერის სტატუსი დაკარგული ეგზემპლარის სტატუსი კლასიფიკაციის წყარო ან თაროზე გაწყობის სქემა დაზიანების სტატუსი არ გაიცემა მუდმივი მდებარეობა (დაცვის ადგილი) ამჟამინდელი ადგილსამყოფელი თაროზე განთავსების ადგილი შეძენის თარიღი ღირებულება, შესყიდვის ნორმალური ფასი სრული შენახვის შიფრი შტრიხკოდი ბოლო ოპერაციის თარიღი ეგზემპლარის მიმდევრობითი ნომერი (კეტერი?) ფასის ძალაში შესვლის თარიღი ეგზემპლარის სახეობა საჯარო შენიშვნა
          ტექნოლოგიური ფაკულტეტის ბიბლიოთეკა ტექნოლოგიური ფაკულტეტის ბიბლიოთეკა წიგნსაცავი 2018-12-17 0.00 51:53(075.8) დ–63 8784 2018-12-17 8784 2018-12-17 წიგნი 0.50 თ.
          ტექნოლოგიური ფაკულტეტის ბიბლიოთეკა ტექნოლოგიური ფაკულტეტის ბიბლიოთეკა წიგნსაცავი 2018-12-17 0.00 51:53(075.8) დ–63 8785 2018-12-17 8785 2018-12-17 წიგნი 0.50 თ.
          ტექნოლოგიური ფაკულტეტის ბიბლიოთეკა ტექნოლოგიური ფაკულტეტის ბიბლიოთეკა წიგნსაცავი 2018-12-17 0.00 51:53(075.8) დ–63 8786 2018-12-17 8786 2018-12-17 წიგნი 0.50 თ.